| 000 | 00751nam a22002297a 4500 | ||
|---|---|---|---|
| 005 | 20170124110101.0 | ||
| 010 | _aA-680533 | ||
| 020 |
_c00.00 _a8171546960 |
||
| 035 | _aA-680533 | ||
| 037 | _bCen Lib/Ret | ||
| 040 |
_aDPL _bEN |
||
| 082 |
_a954.01 _bKAN |
||
| 100 |
_aKantak, M. R. _927104 |
||
| 245 |
_aThe first anglo-maratha war : _cby M. R. Kantak _b1774-1783 : a military study of major battles / |
||
| 260 |
_aBombay _bPopular Prakashan _c1993 |
||
| 270 |
_a35-C, Pandit Madan Mohan Malaviya Marg _bBombay _e400034 |
||
| 300 |
_a250p. _c20cm(Hb) |
||
| 500 | _aIncludes bibliographical reference and index | ||
| 650 |
_aMaratha _927105 |
||
| 650 |
_aMaratha War (1775-1782) _927106 |
||
| 942 |
_2ddc _cEN _h954.01 _mKAN |
||
| 999 |
_c129676 _d129676 |
||